LEADER 04781oam 22013334 450 001 9910958655903321 005 20250426110032.0 010 $a9786613830944 010 $a9781462316496 010 $a1462316492 010 $a9781452795539 010 $a1452795533 010 $a9781283518499 010 $a128351849X 010 $a9781451909807 010 $a1451909802 035 $a(CKB)3360000000444018 035 $a(EBL)3014550 035 $a(SSID)ssj0000940807 035 $a(PQKBManifestationID)11600657 035 $a(PQKBTitleCode)TC0000940807 035 $a(PQKBWorkID)10955707 035 $a(PQKB)11208309 035 $a(OCoLC)694141260 035 $a(MiAaPQ)EBC3014550 035 $a(IMF)WPIEE2006267 035 $a(IMF)WPIEA2006267 035 $aWPIEA2006267 035 $a(EXLCZ)993360000000444018 100 $a20020129d2006 uf 0 101 0 $aeng 135 $aur|n|---||||| 181 $ctxt 182 $cc 183 $acr 200 10$aFinancial Integration in Asia : $eEstimating the Risk-Sharing Gains for Australia and Other Nations /$fBenoît Mercereau 205 $a1st ed. 210 1$aWashington, D.C. :$cInternational Monetary Fund,$d2006. 215 $a1 online resource (22 p.) 225 1 $aIMF Working Papers 300 $a"December 2006." 311 08$a9781451865271 311 08$a1451865279 320 $aIncludes bibliographical references. 327 $a""Contents""; ""I. INTRODUCTION""; ""II. FINANCIAL INTEGRATION REDUCES RISK""; ""III. ESTIMATION METHODOLOGY AND DATA""; ""IV. RESULTS""; ""V. CONCLUSION""; ""Appendix. Data Sources and Construction""; ""References"" 330 3 $aHolding foreign assets reduces the volatility of a country's income by allowing countries to share risk. Yet, financial integration is limited in Asia. This paper estimates how much Australia and other countries in the Asia-Pacific region would gain from greater financial integration. The results suggest that these welfare gains are large, which argues in favor of a progressive capital account liberalization across the region. 410 0$aIMF Working Papers; Working Paper ;$vNo. 2006/267 606 $aFinance$zAsia 606 $aMonetary policy$zAsia 606 $aBalance of payments$2imf 606 $aCapital account$2imf 606 $aConsumption$2imf 606 $aCurrent Account Adjustment$2imf 606 $aEconomics$2imf 606 $aExports and Imports$2imf 606 $aFinance$2imf 606 $aFinance: General$2imf 606 $aFinancial Instruments$2imf 606 $aFinancial integration$2imf 606 $aForeign assets$2imf 606 $aGeneral Financial Markets: General (includes Measurement and Data)$2imf 606 $aInstitutional Investors$2imf 606 $aInternational economics$2imf 606 $aInternational finance$2imf 606 $aInternational Investment$2imf 606 $aInvestment & securities$2imf 606 $aInvestments, Foreign$2imf 606 $aInvestments: Stocks$2imf 606 $aLong-term Capital Movements$2imf 606 $aMacroeconomics$2imf 606 $aMacroeconomics: Consumption$2imf 606 $aNon-bank Financial Institutions$2imf 606 $aPension Funds$2imf 606 $aSaving$2imf 606 $aShort-term Capital Movements$2imf 606 $aStocks$2imf 606 $aWealth$2imf 607 $aHong Kong Special Administrative Region, People's Republic of China$2imf 615 0$aFinance 615 0$aMonetary policy 615 7$aBalance of payments 615 7$aCapital account 615 7$aConsumption 615 7$aCurrent Account Adjustment 615 7$aEconomics 615 7$aExports and Imports 615 7$aFinance 615 7$aFinance: General 615 7$aFinancial Instruments 615 7$aFinancial integration 615 7$aForeign assets 615 7$aGeneral Financial Markets: General (includes Measurement and Data) 615 7$aInstitutional Investors 615 7$aInternational economics 615 7$aInternational finance 615 7$aInternational Investment 615 7$aInvestment & securities 615 7$aInvestments, Foreign 615 7$aInvestments: Stocks 615 7$aLong-term Capital Movements 615 7$aMacroeconomics 615 7$aMacroeconomics: Consumption 615 7$aNon-bank Financial Institutions 615 7$aPension Funds 615 7$aSaving 615 7$aShort-term Capital Movements 615 7$aStocks 615 7$aWealth 700 $aMercereau$b Benoît$01816368 801 0$bDcWaIMF 906 $aBOOK 912 $a9910958655903321 996 $aFinancial Integration in Asia$94372397 997 $aUNINA LEADER 02385oas 2200985 a 450 001 9910144363903321 005 20251014213014.0 011 $a2327-7505 035 $a(DE-599)ZDB2480784-9 035 $a(OCoLC)299098704 035 $a(CONSER) 2009235060 035 $a(CKB)991042729498378 035 $a(EXLCZ)99991042729498378 100 $a20090122b19281949 uy a 101 0 $aeng 135 $aur||||||||||| 181 $ctxt$2rdacontent 182 $cc$2rdamedia 183 $acr$2rdacarrier 200 00$aSewage works journal 210 $aNew York, NY $cFederation of Sewage Works Associations$d1928-1949 311 08$a0096-9362 606 $aSewerage$vPeriodicals 606 $aSewage$vPeriodicals 606 $aSanitary Engineering 606 $aSewage 606 $aSewage$2fast$3(OCoLC)fst01113736 606 $aSewerage$2fast$3(OCoLC)fst01114083 606 $aE?gouts$vPe?riodiques 606 $aEaux use?es$vPe?riodiques 606 $aTechnique sanitaire 606 $aEaux use?es 606 $asanitary engineering$2aat 608 $aPeriodical. 608 $aPeriodicals.$2fast 608 $aPeriodicals.$2lcgft 608 $aperiodicals.$2aat 608 $aPe?riodiques.$2rvmgf 615 0$aSewerage 615 0$aSewage 615 2$aSanitary Engineering. 615 2$aSewage. 615 7$aSewage. 615 7$aSewerage. 615 6$aE?gouts 615 6$aEaux use?es 615 6$aTechnique sanitaire. 615 6$aEaux use?es. 615 7$asanitary engineering. 676 $a628.205 712 02$aFederation of Sewage Works Associations 801 0$bEYM 801 1$bEYM 801 2$bEYM 801 2$bHUL 801 2$bOCLCE 801 2$bGWDNB 801 2$bUKMGB 801 2$bOCLCQ 801 2$bGBVCP 801 2$bOCLCQ 801 2$bDLC 801 2$bOCLCF 801 2$bOCLCQ 801 2$bOCLCO 801 2$bOCLCQ 801 2$bDEBBG 801 2$bGILDS 801 2$bOCLCO 801 2$bWYU 801 2$bOCLCO 801 2$bAUD 801 2$bOCLCA 801 2$bVT2 801 2$bOCLCQ 801 2$bU3W 801 2$bOCLCQ 801 2$bOCLCL 801 2$bBRL 801 2$bSFB 801 2$bQGK 906 $aJOURNAL 912 $a9910144363903321 996 $aSewage works journal$9786405 997 $aUNINA